[Event "ESP-ch Seniors"]
[Site "Calvia"]
[Date "2003.12.02"]
[Round "2.5"]
[White "Visier Segovia, Fernando"]
[Black "Estrada Martinez, Cesar"]
[Result "1/2-1/2"]
[WhiteElo "2265"]
[BlackElo "2183"]
[PlyCount "21"]
[EventDate "2003.12.01"]
[EventType "swiss"]
[EventRounds "8"]
[EventCountry "ESP"]
[SourceTitle "EXT 2005"]
[Source "ChessBase"]
[SourceDate "2004.11.15"]
[SourceVersion "1"]
[SourceVersionDate "2004.11.15"]
[SourceQuality "1"]

1. Nf3 c5 2. g3 g6 3. Bg2 Bg7 4. c4 Nc6 5. Nc3 d6 6. 0-0 e6 7. a3 Nge7 8. Rb1 d5 9. cxd5 exd5 10. d3 0-0 11. Na4 1/2-1/2

[Event "ESP-chT fin"]
[Site "Sanxenxo"]
[Date "2003.11.18"]
[Round "2"]
[White "Rahal, Michael"]
[Black "Visier Segovia, Fernando"]
[Result "1/2-1/2"]
[WhiteElo "2403"]
[BlackElo "2265"]
[PlyCount "72"]
[EventDate "2003.11.17"]
[EventType "team"]
[EventRounds "6"]
[EventCountry "ESP"]
[SourceTitle "CBM 097 Extra"]
[Source "ChessBase"]
[SourceDate "2004.01.13"]
[SourceVersion "1"]
[SourceVersionDate "2004.01.13"]
[SourceQuality "1"]

1. e4 c5 2. Nf3 Nc6 3. d4 cxd4 4. Nxd4 g6 5. c4 Bg7 6. Nc2 d6 7. Be2 f5 8. exf5 Bxf5 9. 0-0 Nh6 10. Nc3 0-0 11. Ne3 Bd7 12. Bf3 Kh8 13. Bd2 Nd4 14. Be4 Nhf5 15. Rc1 Rb8 16. b3 a6 17. Ne2 Nxe2+ 18. Qxe2 Nd4 19. Qd3 Bc6 20. Rfe1 e5 21. Nc2 Ne6 22. Be3 Nf4 23. Bxf4 Rxf4 24. Bxc6 bxc6 25. Rcd1 Qb6 26. Qe3 Qa5 27. a3 d5 28. g3 Rf7 29. cxd5 cxd5 30. Qd3 Qb6 31. Ne3 d4 32. Nc4 Qxb3 33. Nxe5 Bxe5 34. Rxe5 Qxd3 35. Rxd3 Rb1+ 36. Kg2 Rb2 1/2-1/2

[Event "Mallorca Hotelsviva 1st"]
[Site "Mallorca"]
[Date "2003.10.23"]
[Round "6.1"]
[White "Guidarelli, Laurent"]
[Black "Visier Segovia, Fernando"]
[Result "1-0"]
[WhiteElo "2422"]
[BlackElo "2265"]
[PlyCount "43"]
[EventDate "2003.10.18"]
[EventType "tourn"]
[EventRounds "9"]
[EventCountry "ESP"]
[EventCategory "4"]
[SourceTitle "EXT 2004"]
[Source "ChessBase"]
[SourceDate "2003.11.25"]
[SourceVersion "1"]
[SourceVersionDate "2003.11.25"]
[SourceQuality "1"]

1. e4 c5 2. Nc3 Nc6 3. Bb5 e5 4. d3 Nge7 5. f4 exf4 6. Bxf4 Ng6 7. Bg3 Be7 8. Nf3 0-0 9. 0-0 d6 10. Nd5 Nce5 11. Nxe5 dxe5 12. Qh5 Bd6 13. Bc4 Be6 14. Rf3 Qd7 15. Ne3 Nf4 16. Bxf4 exf4 17. Nf5 Bxf5 18. exf5 Qe7 19. Rh3 h6 20. Qg6 Rfe8 21. Rf1 Kf8 22. Bxf7 1-0

[Event "Mallorca Hotelsviva 1st"]
[Site "Mallorca"]
[Date "2003.10.19"]
[Round "2.3"]
[White "Visier Segovia, Fernando"]
[Black "Segura Ariza, Jose Luis"]
[Result "1/2-1/2"]
[WhiteElo "2265"]
[BlackElo "2218"]
[PlyCount "117"]
[EventDate "2003.10.18"]
[EventType "tourn"]
[EventRounds "9"]
[EventCountry "ESP"]
[EventCategory "4"]
[SourceTitle "EXT 2004"]
[Source "ChessBase"]
[SourceDate "2003.11.25"]
[SourceVersion "1"]
[SourceVersionDate "2003.11.25"]
[SourceQuality "1"]

1. Nf3 e6 2. g3 b6 3. Bg2 Bb7 4. 0-0 f5 5. c4 Nf6 6. Nc3 Be7 7. d3 0-0 8. e4 fxe4 9. Ng5 Na6 10. Ngxe4 Qc8 11. d4 h6 12. d5 Nxe4 13. Bxe4 Nc5 14. Bb1 d6 15. Qc2 Rf6 16. Be3 Nd7 17. Bd4 e5 18. Be3 Nf8 19. Qe2 Qh3 20. Be4 Rf7 21. Bf3 Bc8 22. Bh5 g6 23. Bf3 Kg7 24. Bg2 Qg4 25. Qxg4 Bxg4 26. Be4 Bh3 27. Bg2 Bg4 28. Be4 Nh7 29. Kg2 Bg5 30. h3 Bd7 31. Rae1 Raf8 32. f3 Bxe3 33. Rxe3 a6 34. h4 Nf6 35. Bd3 Rb8 36. b3 Rff8 37. a4 Ng8 38. Ree1 Ne7 39. Re3 Bf5 40. Be4 Bxe4 41. Nxe4 b5 42. axb5 axb5 43. g4 Ra8 44. Rd3 bxc4 45. bxc4 Rf4 46. c5 dxc5 47. Nxc5 Rc4 48. Ne4 h5 49. d6 cxd6 50. Nxd6 Rf4 51. gxh5 gxh5 52. Ne4 Nf5 53. Ng3 Ra2+ 54. Rf2 Nxh4+ 55. Kh3 Rxf2 56. Nxh5+ Kh6 57. Nxf4 Nf5 58. Ne6 Kh7 59. Nc5 1/2-1/2

[Event "ESP-chT Div 2"]
[Site "Cala Galdana"]
[Date "1999.11.12"]
[Round "5"]
[White "Gavin Roche, Enrique"]
[Black "Visier Segovia, Fernando"]
[Result "1-0"]
[WhiteElo "2198"]
[BlackElo "2265"]
[PlyCount "49"]
[EventDate "1999.11.08"]
[EventType "team"]
[EventRounds "9"]
[EventCountry "ESP"]
[SourceTitle "CBM 073 Extra"]
[Source "ChessBase"]
[SourceDate "2000.01.11"]
[SourceVersion "1"]
[SourceVersionDate "2000.01.11"]
[SourceQuality "1"]

1. d4 Nf6 2. c4 g6 3. Nc3 Bg7 4. e4 d6 5. Be2 0-0 6. Nf3 e5 7. d5 Nh5 8. g3 Nd7 9. Bg5 Ndf6 10. Nd2 h6 11. Be3 c5 12. h3 a6 13. Kf1 Bd7 14. Kg2 Qe8 15. a3 Nh7 16. Bxh5 gxh5 17. Qxh5 f5 18. Qxe8 Rfxe8 19. exf5 Bxf5 20. Nce4 Bf8 21. b4 b6 22. Rab1 Ra7 23. bxc5 bxc5 24. Rb6 Rd8 25. Rhb1 1-0

[Event "ESP-chTA"]
[Site "Oropesa del Mar"]
[Date "1996.??.??"]
[Round "5"]
[White "Carpintero, Javier"]
[Black "Visier Segovia, Fernando"]
[Result "1-0"]
[WhiteElo "2270"]
[BlackElo "2280"]
[PlyCount "85"]
[EventDate "1996.??.??"]
[EventType "team-swiss"]
[EventRounds "9"]
[EventCountry "ESP"]
[SourceTitle "EXT 1998"]
[Source "ChessBase"]
[SourceDate "1997.11.17"]
[SourceVersion "1"]
[SourceVersionDate "1997.11.17"]
[SourceQuality "1"]

1. e4 c5 2. Nf3 Nc6 3. d4 cxd4 4. Nxd4 g6 5. Nxc6 bxc6 6. Bd2 Bg7 7. Bc3 Nf6 8. Bd3 0-0 9. 0-0 d5 10. Nd2 Qc7 11. Qe1 Be6 12. f4 dxe4 13. Nxe4 Nxe4 14. Bxe4 Bxc3 15. Qxc3 Bd5 16. Bd3 Qb6+ 17. Rf2 e6 18. Qe5 Rad8 19. b3 c5 20. Re1 a5 21. Re3 c4 22. Bf1 cxb3 23. axb3 a4 24. bxa4 Rc8 25. a5 Qa7 26. Rc3 Rfd8 27. Qe3 Qxe3 28. Rxe3 Rc5 29. Ra3 Rdc8 30. Bd3 Bc4 31. Bxc4 Rxc4 32. a6 Rc3 33. Ra2 Ra8 34. Rf3 Rxf3 35. gxf3 Ra7 36. Kf2 Kf8 37. Ke3 Ke7 38. Kd4 Kd6 39. c4 f6 40. c5+ Kc6 41. Kc4 e5 42. fxe5 fxe5 43. h4 1-0

[Event "ESP-ch"]
[Site "Spain"]
[Date "1993.??.??"]
[Round "9"]
[White "Garcia Albarracin, Francisco"]
[Black "Visier Segovia, Fernando"]
[Result "1-0"]
[WhiteElo "2330"]
[BlackElo "2320"]
[PlyCount "61"]
[EventDate "1993.08.??"]
[EventType "swiss"]
[EventRounds "9"]
[EventCountry "ESP"]
[SourceTitle "TD"]
[Source "ChessBase"]
[SourceDate "1994.03.01"]
[SourceVersion "1"]
[SourceVersionDate "1994.03.01"]
[SourceQuality "1"]

1. d4 Nf6 2. Nf3 g6 3. g3 Bg7 4. Bg2 d5 5. 0-0 0-0 6. c4 c6 7. cxd5 cxd5 8. Nc3 Nc6 9. Ne5 e6 10. Bg5 h6 11. Bf4 Nd7 12. Nxc6 bxc6 13. Qd2 Kh7 14. Bd6 Re8 15. e4 Ba6 16. Rfd1 Rc8 17. b4 Bc4 18. e5 a5 19. a3 Ra8 20. Rdb1 Nb6 21. a4 axb4 22. Rxb4 Nd7 23. Bf1 c5 24. Rb7 Bxf1 25. Rxf1 cxd4 26. Qxd4 Kg8 27. Nb5 Nf8 28. Rc1 Rc8 29. Rxc8 Qxc8 30. Rc7 Qa6 31. Qf4 1-0

[Event "ESP-chT"]
[Site "Spain"]
[Date "1990.??.??"]
[Round "?"]
[White "Visier Segovia, Fernando"]
[Black "San Claudio Gonzalez, Francisco Javier"]
[Result "1/2-1/2"]
[WhiteElo "2315"]
[BlackElo "2245"]
[PlyCount "20"]
[EventDate "1990.??.??"]
[EventType "team"]
[EventRounds "9"]
[EventCountry "ESP"]
[SourceTitle "EXT 1997"]
[Source "ChessBase"]
[SourceDate "1996.11.15"]
[SourceVersion "1"]
[SourceVersionDate "1996.11.15"]
[SourceQuality "1"]

1. Nf3 Nf6 2. g3 g6 3. Bg2 Bg7 4. c4 0-0 5. Nc3 c6 6. 0-0 d5 7. cxd5 cxd5 8. d4 Nc6 9. Bf4 Ne4 10. Rc1 Nxc3 1/2-1/2

[Event "Las Palmas op"]
[Site "Las Palmas"]
[Date "1989.??.??"]
[Round "?"]
[White "Gomez Esteban, Juan Mario"]
[Black "Visier Segovia, Fernando"]
[Result "0-1"]
[WhiteElo "2460"]
[BlackElo "2335"]
[PlyCount "86"]
[EventDate "1989.05.??"]
[EventType "swiss"]
[EventRounds "9"]
[EventCountry "ESP"]
[SourceTitle "EXT 1997"]
[Source "ChessBase"]
[SourceDate "1996.11.15"]
[SourceVersion "1"]
[SourceVersionDate "1996.11.15"]
[SourceQuality "1"]

1. e4 c5 2. Nf3 Nc6 3. d4 cxd4 4. Nxd4 g6 5. Nc3 Bg7 6. Be3 Nf6 7. f3 0-0 8. Qd2 d5 9. Nxc6 bxc6 10. 0-0-0 Qa5 11. Kb1 Rb8 12. b3 Qa3 13. e5 Nd7 14. f4 e6 15. Qd4 Rb4 16. Qxa7 Qxa7 17. Bxa7 Rxf4 18. Ne2 Rb4 19. Nd4 c5 20. Nc6 Rb7 21. Ba6 Rxa7 22. Bxc8 Rc7 23. Bxd7 Rxd7 24. c4 Rc7 25. cxd5 exd5 26. Na5 Ra8 27. b4 cxb4 28. Nb3 Rca7 29. Nc1 Bxe5 30. Rxd5 Bf4 31. Rb5 Bxc1 32. Rxc1 Rxa2 33. Rb8+ Rxb8 34. Kxa2 Re8 35. Rc2 f5 36. Kb3 Re4 37. Rf2 Kg7 38. h3 Kf6 39. Kc2 Re3 40. Kd2 Ra3 41. Rf4 Ra2+ 42. Ke1 Rxg2 43. Rxb4 Kg5 0-1

[Event "Las Palmas op"]
[Site "Las Palmas"]
[Date "1989.??.??"]
[Round "?"]
[White "Illescas Cordoba, Miguel Angel"]
[Black "Visier Segovia, Fernando"]
[Result "1-0"]
[WhiteElo "2525"]
[BlackElo "2335"]
[PlyCount "57"]
[EventDate "1989.05.??"]
[EventType "swiss"]
[EventRounds "9"]
[EventCountry "ESP"]
[SourceTitle "EXT 1997"]
[Source "ChessBase"]
[SourceDate "1996.11.15"]
[SourceVersion "1"]
[SourceVersionDate "1996.11.15"]
[SourceQuality "1"]

1. d4 Nf6 2. Nf3 g6 3. c4 Bg7 4. Nc3 0-0 5. e4 d6 6. h3 e5 7. d5 Nbd7 8. Bg5 a5 9. Nd2 Nc5 10. Be2 c6 11. 0-0 Qc7 12. b3 Nfd7 13. a3 f6 14. Be3 f5 15. f3 Nf6 16. b4 axb4 17. axb4 Rxa1 18. Qxa1 Na6 19. Qa3 c5 20. bxc5 Nxc5 21. Nb5 Qe7 22. Nxd6 b6 23. Nxc8 Rxc8 24. Rb1 Nfd7 25. Nb3 fxe4 26. Nxc5 exf3 27. Bxf3 bxc5 28. Qa7 Bf8 29. Bg4 1-0

[Event "Las Palmas op"]
[Site "Las Palmas"]
[Date "1989.??.??"]
[Round "?"]
[White "Visier Segovia, Fernando"]
[Black "Diaz Diaz, Joaquin Carlos"]
[Result "1/2-1/2"]
[WhiteElo "2335"]
[BlackElo "2340"]
[PlyCount "88"]
[EventDate "1989.05.??"]
[EventType "swiss"]
[EventRounds "9"]
[EventCountry "ESP"]
[SourceTitle "EXT 1997"]
[Source "ChessBase"]
[SourceDate "1996.11.15"]
[SourceVersion "1"]
[SourceVersionDate "1996.11.15"]
[SourceQuality "1"]

1. d4 d5 2. c4 e6 3. Nc3 Be7 4. Nf3 Nf6 5. Bg5 0-0 6. e3 h6 7. Bh4 b6 8. Be2 Bb7 9. Bxf6 Bxf6 10. cxd5 exd5 11. b4 c6 12. 0-0 Qd6 13. Qb3 Nd7 14. Rfd1 Rac8 15. Rac1 Rfd8 16. h3 Be7 17. Rb1 Ra8 18. a4 a5 19. bxa5 Rxa5 20. Ne5 Nxe5 21. dxe5 Qxe5 22. Qxb6 Qxc3 23. Qxb7 Bd6 24. Rbc1 Qe5 25. Bf3 Rxa4 26. Qxc6 Ra2 27. Rc2 Rxc2 28. Qxc2 d4 29. Rxd4 Qh2+ 30. Kf1 Rb8 31. Rc4 Qh1+ 32. Ke2 Qa1 33. Rc8+ Rxc8 34. Qxc8+ Bf8 35. g4 g6 36. Bd5 Qb2+ 37. Kf3 Kg7 38. Qd7 Qf6+ 39. Kg2 Qe7 40. Qc6 Qd6 41. Qc4 Qe7 42. Qd3 g5 43. f4 gxf4 44. exf4 Qf6 1/2-1/2

[Event "Albacete"]
[Site "Albacete"]
[Date "1989.??.??"]
[Round "1"]
[White "Visier Segovia, Fernando"]
[Black "Fernandez Aguado, Enrique"]
[Result "0-1"]
[WhiteElo "2335"]
[BlackElo "2380"]
[PlyCount "81"]
[EventDate "1989.??.??"]
[EventType "tourn"]
[EventRounds "11"]
[EventCountry "ESP"]
[EventCategory "5"]
[SourceTitle "EXT 1997"]
[Source "ChessBase"]
[SourceDate "1996.11.15"]
[SourceVersion "1"]
[SourceVersionDate "1996.11.15"]
[SourceQuality "1"]

1. Nf3 Nf6 2. c4 c5 3. Nc3 Nc6 4. g3 d5 5. cxd5 Nxd5 6. Bg2 Nc7 7. d3 e5 8. Nd2 Bd7 9. 0-0 Be7 10. Nc4 f6 11. f4 b5 12. Ne3 Rc8 13. a4 b4 14. Ncd5 exf4 15. Nxc7+ Rxc7 16. Rxf4 0-0 17. Nd5 Rc8 18. Nxe7+ Qxe7 19. Qb3+ Kh8 20. Re4 Ne5 21. Bf4 Bc6 22. Re3 Bxg2 23. Kxg2 Qb7+ 24. Kg1 c4 25. Qd1 Ng4 26. Rf3 Qb6+ 27. Kg2 Rfd8 28. h3 Ne5 29. Bxe5 fxe5 30. Qg1 e4 31. dxe4 Qc6 32. Qe3 c3 33. bxc3 bxc3 34. Rc1 c2 35. a5 h6 36. Rf5 Rd1 37. Rd5 Rxc1 38. Qxc1 Qc4 39. Kf3 Rf8+ 40. Ke3 Rf1 41. Qxf1 0-1

[Event "Albacete"]
[Site "Albacete"]
[Date "1989.??.??"]
[Round "4"]
[White "Visier Segovia, Fernando"]
[Black "Izeta Txabarri, Felix"]
[Result "0-1"]
[WhiteElo "2335"]
[BlackElo "2350"]
[PlyCount "70"]
[EventDate "1989.??.??"]
[EventType "tourn"]
[EventRounds "11"]
[EventCountry "ESP"]
[EventCategory "5"]
[SourceTitle "EXT 1997"]
[Source "ChessBase"]
[SourceDate "1996.11.15"]
[SourceVersion "1"]
[SourceVersionDate "1996.11.15"]
[SourceQuality "1"]

1. Nf3 Nf6 2. c4 c5 3. g3 Nc6 4. Bg2 d5 5. cxd5 Nxd5 6. Nc3 Nc7 7. d3 e5 8. Nd2 Bd7 9. 0-0 Be7 10. Nc4 0-0 11. Bxc6 Bxc6 12. Nxe5 Be8 13. Be3 Ne6 14. Qb3 Bf6 15. Nf3 Bc6 16. Ne4 Bd4 17. Bxd4 Nxd4 18. Nxd4 cxd4 19. Qb4 Qd7 20. Qd6 Qh3 21. f3 Rad8 22. Qf4 Qe6 23. Rfe1 Rd5 24. Nf2 Re5 25. Qxd4 Rxe2 26. Ne4 Rxe1+ 27. Rxe1 f5 28. Qxa7 fxe4 29. fxe4 Qf6 30. Qb6 h5 31. b3 h4 32. gxh4 Qxh4 33. Qe3 Qg4+ 34. Qg3 Qxg3+ 35. hxg3 Rd8 0-1

[Event "Albacete"]
[Site "Albacete"]
[Date "1989.??.??"]
[Round "10"]
[White "Visier Segovia, Fernando"]
[Black "Romero Holmes, Alfonso"]
[Result "1/2-1/2"]
[WhiteElo "2335"]
[BlackElo "2445"]
[PlyCount "56"]
[EventDate "1989.??.??"]
[EventType "tourn"]
[EventRounds "11"]
[EventCountry "ESP"]
[EventCategory "5"]
[SourceTitle "EXT 1997"]
[Source "ChessBase"]
[SourceDate "1996.11.15"]
[SourceVersion "1"]
[SourceVersionDate "1996.11.15"]
[SourceQuality "1"]

1. d4 Nf6 2. c4 g6 3. Nc3 Bg7 4. e4 d6 5. Nf3 0-0 6. Be2 Nbd7 7. 0-0 e5 8. Re1 c6 9. Bf1 a6 10. h3 b5 11. c5 exd4 12. Nxd4 Nxc5 13. Nxc6 Qd7 14. Nb4 Bb7 15. f3 Rfd8 16. Be3 Rac8 17. a4 bxa4 18. Nxa4 Qc7 19. Nd3 Nfd7 20. Rc1 Qa5 21. Naxc5 dxc5 22. Qb3 Ba8 23. Re2 Rc7 24. Rec2 Rdc8 25. Kh1 Bd4 26. Bd2 Qb5 27. Qa2 c4 28. Nb4 Nb6 1/2-1/2

[Event "Linares-01"]
[Site "Linares"]
[Date "1978.11.??"]
[Round "?"]
[White "Castro Rojas, Oscar Humberto"]
[Black "Visier Segovia, Fernando"]
[Result "1-0"]
[WhiteElo "2425"]
[BlackElo "2360"]
[PlyCount "109"]
[EventDate "1978.11.30"]
[EventType "tourn"]
[EventRounds "9"]
[EventCountry "ESP"]
[EventCategory "5"]
[SourceTitle "MCD"]
[Source "ChessBase"]
[SourceDate "1999.07.01"]
[SourceVersion "1"]
[SourceVersionDate "1999.07.01"]
[SourceQuality "1"]

1. e4 c5 2. c3 Nf6 3. e5 Nd5 4. Nf3 Nc6 5. d4 cxd4 6. cxd4 d6 7. Bc4 Nb6 8. Bb5 d5 9. 0-0 Bg4 10. h3 Bxf3 11. Qxf3 e6 12. Be3 Rc8 13. Rc1 Be7 14. Qg4 Kf8 15. Bxc6 bxc6 16. Nd2 Nd7 17. Rc3 h5 18. Qd1 Bb4 19. Rc2 c5 20. dxc5 Nxe5 21. Bf4 Nc6 22. a3 Ba5 23. Bd6+ Kg8 24. b4 Bc7 25. Bxc7 Qxc7 26. Nf3 Ne5 27. Nxe5 Qxe5 28. Qe1 Qxe1+ 29. Rxe1 Kf8 30. f4 g6 31. Kf2 Ke7 32. Ke3 Rb8 33. Rb1 h4 34. b5 Rhg8 35. a4 g5 36. Rf2 gxf4+ 37. Rxf4 Rxg2 38. Rbf1 f5 39. Rxh4 Rbg8 40. Rf2 R2g3+ 41. Kf4 Ra3 42. Rh7+ Kf6 43. Rh6+ Ke7 44. Re2 Rxa4+ 45. Ke5 Kd7 46. Rxe6 Re4+ 47. Rxe4 dxe4 48. Ra6 Re8+ 49. Kf4 e3 50. Rxa7+ Ke6 51. Ra1 e2 52. Re1 Kd5 53. c6 Kc5 54. c7 Kxb5 55. Rxe2 1-0

[Event "Linares-01"]
[Site "Linares"]
[Date "1978.11.??"]
[Round "?"]
[White "Visier Segovia, Fernando"]
[Black "Ochoa de Echaguen, Francisco Javier"]
[Result "1/2-1/2"]
[WhiteElo "2360"]
[BlackElo "2345"]
[PlyCount "41"]
[EventDate "1978.11.30"]
[EventType "tourn"]
[EventRounds "9"]
[EventCountry "ESP"]
[EventCategory "5"]
[SourceTitle "MCD"]
[Source "ChessBase"]
[SourceDate "1999.07.01"]
[SourceVersion "1"]
[SourceVersionDate "1999.07.01"]
[SourceQuality "1"]

1. d4 Nf6 2. Nf3 b6 3. g3 Bb7 4. Bg2 e6 5. c4 Be7 6. Nc3 0-0 7. 0-0 Ne4 8. Qc2 Nxc3 9. Qxc3 f5 10. b3 Bf6 11. Bb2 d6 12. Ne1 Bxg2 13. Nxg2 Nc6 14. Qd2 Qe8 15. d5 Bxb2 16. Qxb2 Nd8 17. dxe6 Nxe6 18. Qd2 Kh8 19. Rae1 Qg6 20. Nf4 Nxf4 21. Qxf4 1/2-1/2

[Event "Montilla"]
[Site "Montilla"]
[Date "1978.??.??"]
[Round "5"]
[White "Bellon Lopez, Juan Manuel"]
[Black "Visier Segovia, Fernando"]
[Result "1/2-1/2"]
[WhiteElo "2350"]
[BlackElo "2360"]
[PlyCount "90"]
[EventDate "1978.08.15"]
[EventType "tourn"]
[EventRounds "9"]
[EventCountry "ESP"]
[EventCategory "8"]
[SourceTitle "MCD"]
[Source "ChessBase"]
[SourceDate "1999.07.01"]
[SourceVersion "1"]
[SourceVersionDate "1999.07.01"]
[SourceQuality "1"]

1. e4 c5 2. Nf3 Nc6 3. Bb5 e6 4. 0-0 Nge7 5. b3 Ng6 6. Re1 Be7 7. Bb2 0-0 8. Nc3 Qc7 9. Bf1 a6 10. d4 cxd4 11. Nxd4 Nxd4 12. Qxd4 Bf6 13. Qd2 b6 14. Rad1 Rd8 15. Qd6 Qxd6 16. Rxd6 Be7 17. Rd2 Bb7 18. Na4 b5 19. Nb6 Rab8 20. Nxd7 Rbc8 21. Red1 Bxe4 22. c4 Bc6 23. Ne5 Nxe5 24. Bxe5 Rxd2 25. Rxd2 Rd8 26. Rxd8+ Bxd8 27. Bd6 Bb6 28. Bd3 Bd4 29. Kf1 f5 30. Ke2 Kf7 31. f3 Kf6 32. cxb5 axb5 33. Bc2 e5 34. Bb4 e4 35. fxe4 fxe4 36. Be1 Ke5 37. Bg3+ Kd5 38. Be1 Ke5 39. Bd2 h6 40. Be3 b4 41. Bd1 Bb5+ 42. Kd2 g5 43. g3 Bd3 44. Bh5 Bc3+ 45. Kc1 Bd4 1/2-1/2